Oracle PL/SQL Language Pocket Reference /

This pocket reference provides quick-reference information that will help you use Oracle's PL/SQL language. It is a companion to Steven Feuerstein and Bill Pribyl's bestselling book, Oracle PL/SQL Programming , and includes coverage of the latest version of Oracle, Oracle8i. Oracle is the...

Full description

Bibliographic Details
Main Authors: Pribyl, Bill (Author), Feuerstein, Steven (Author), Dawes, Chip (Author)
Corporate Author: Safari, an O'Reilly Media Company
Format: eBook
Language:English
Published: O'Reilly Media, Inc., 1999.
Edition:1st edition.
Subjects:
Online Access:Connect to this electronic resource

MARC

Tag First Indicator Second Indicator Subfields
LEADER 00000uam a2200000 a 4500
001 in00004257976
005 20260122214702.0
006 m o d
007 cr cn
008 100513s1999 xx o eng
020 |z 9781565924574 
020 |z 1565924576 
035 |a (CaSebORM)1565924576 
040 |d UtOrBLW 
041 0 |a eng 
100 1 |a Pribyl, Bill,  |e author.  |0 http://id.loc.gov/authorities/names/no98066123 
245 1 0 |a Oracle PL/SQL Language Pocket Reference /  |c Pribyl, Bill. 
250 |a 1st edition. 
264 1 |b O'Reilly Media, Inc.,  |c 1999. 
300 |a 1 online resource (99 pages) 
336 |a text  |b txt  |2 rdacontent 
337 |a computer  |b c  |2 rdamedia 
338 |a online resource  |b cr  |2 rdacarrier 
347 |a text file 
520 |a This pocket reference provides quick-reference information that will help you use Oracle's PL/SQL language. It is a companion to Steven Feuerstein and Bill Pribyl's bestselling book, Oracle PL/SQL Programming , and includes coverage of the latest version of Oracle, Oracle8i. Oracle is the most popular database management system in use today, and PL/SQL plays a pivotal role in current and projected Oracle products and applications. PL/SQL provides procedural extensions to the SQL relational database language and to an ever-growing number of Oracle development tools. It offers a myriad of data types, and such features as cursors, loops, conditional and sequential control statements, exception handlers, records, tables, and constructs for developing modular code (functions, procedures, and packages). Originally a rather limited tool, PL/SQL became with Oracle7 a mature and effective language for developers. Now, with the introduction of Oracle8, PL/SQL has taken the next step towards becoming a fully realized programming language providing sophisticated object-oriented capabilities. The book on which this pocket reference is based, Oracle PL/SQL Programming , filled a huge gap in the Oracle market, providing developers with a single, comprehensive guide to building applications with PL/SQL -- and building them the right way. That book has become the bible for PL/SQL developers who have raved about its completeness, readability, and practicality. The book is packed with strategies, code architectures, tips, techniques, and fully realized code. The second edition of the book updated the text with the new Oracle8 PL/SQL features, including object types, collections, external procedures, and large object data types and functions. The pocket reference boils down the most vital information from the large (nearly 1000 pages) book into an accessible quick reference that summarizes the basics of PL/SQL -- its block structure, fundamental language elements (e.g., identifiers, declarations, defaults), data structures (including Oracle8 objects), and statements for program control, loops, exception handling, and database access. It also covers the the basics of using Oracle's procedures, functions, and packages, and the latest features for Oracle8i. 
533 |a Electronic reproduction.  |b Boston, MA :  |c Safari,  |n Available via World Wide Web.  |d 1999. 
538 |a Mode of access: World Wide Web. 
542 |f Copyright © O'Reilly Media, Inc.  |g 1999 
588 |a Online resource; Title from title page (viewed April 1, 1999) 
500 |a Electronic resource. 
655 7 |a Electronic books.  |2 local 
700 1 |a Feuerstein, Steven,  |e author.  |0 http://id.loc.gov/authorities/names/nr96004645 
700 1 |a Dawes, Chip,  |e author.  |0 http://id.loc.gov/authorities/names/nb99045692 
710 2 |a Safari, an O'Reilly Media Company. 
856 4 0 |u https://proxy.library.tamu.edu/login?url=https://go.oreilly.com/TAMU/library/view/-/1565924576/?ar  |z Connect to this electronic resource  |t 0 
999 f f |s fff60090-4465-3c5b-bc27-539b331270cc  |i 315c8e66-286c-3fb6-90db-542c76da4f18  |t 0 
952 f f |a Texas A&M University  |b College Station  |c Electronic Resources  |s www_evans  |d Available Online  |t 0  |h No information provided 
998 f f |t 0  |l Available Online